=LDR 00000nam 2200000 4500 =001 INLIS000000000037617 =005 20130612143337 =008 ***********************************Ind** =035 ##$$0010-061300000037617 =041 ##$$a Ind =082 ##$$a 301.35 =100 ##$$a Malassis,louis =245 ##$$a Dunia Pedesaan:Pendidikan dan Perkembangan =260 ##$$a 1976 $b Jakarta =300 ##$$a 151 hlm =850 ##$$a NBPNMAT